Kanunî Sultan Süleyman caǧı sairlerinden Figanî ve divancesi (Record no. 50574)

MARC details
000 -LEADER
fixed length control field 00935cam a22002531 4500
001 - CONTROL NUMBER
control field ne 68002670
003 - CONTROL NUMBER IDENTIFIER
control field DLC
005 - DATE AND TIME OF LATEST TRANSACTION
control field 20260227111844.0
008 - FIXED-LENGTH DATA ELEMENTS--GENERAL INFORMATION
fixed length control field 771013s1966 tu cfh b 001 0dtur
010 ## - LIBRARY OF CONGRESS CONTROL NUMBER
LC control number ne 68002670
035 ## - SYSTEM CONTROL NUMBER
System control number (OCoLC)3340034
040 ## - CATALOGING SOURCE
Original cataloging agency DLC
Transcribing agency MiEM
Modifying agency DLC
042 ## - AUTHENTICATION CODE
Authentication code premarc
050 00 - LIBRARY OF CONGRESS CALL NUMBER
Classification number PL248.F36
Item number K3 1966
100 0# - MAIN ENTRY--PERSONAL NAME
Personal name Figani,
Dates associated with a name approximately 1505-1532?
245 10 - TITLE STATEMENT
Title Kanunî Sultan Süleyman caǧı sairlerinden Figanî ve divancesi
Statement of responsibility, etc. [derleyen] Abdülkadir Karahan.
260 ## - PUBLICATION, DISTRIBUTION, ETC.
Place of publication, distribution, etc. Istanbul,
Name of publisher, distributor, etc. Edebiyat Fakültesi Basımevi,
Date of publication, distribution, etc. 1966.
300 ## - PHYSICAL DESCRIPTION
Extent A-T, xxx, 214 p.
Other physical details facsims, plates, ports. (part col.)
Dimensions 24 cm.
490 0# - SERIES STATEMENT
Series statement Istanbul Üniversitesi Edebiyat Fakültesi yayınları,
Volume/sequential designation no. 1181
500 ## - GENERAL NOTE
General note Title on spine : Figanî ve divançesi.
500 ## - GENERAL NOTE
General note "Figanî et son œuvre" : p.[R]-T.
504 ## - BIBLIOGRAPHY, ETC. NOTE
Bibliography, etc. note "Kaynaklar ve bibliyografik özet" : p.[IX]-XII.
700 1# - ADDED ENTRY--PERSONAL NAME
Personal name Karahan, Abdülkadir,
Relator term comp.

No items available.

Powered by Koha